[Event "Muensterland Verbandsliga 1920"]
[White "Lodde, Martin"]
[Black "Hanewinkel, Winfried"]
[Site "Germany"]
[Round "1.2"]
[Result "1-0"]
[Date "2019.09.07"]
[WhiteElo "1937"]
[BlackElo "1892"]
[PlyCount "137"]
[EventDate "2019.09.07"]
[EventType "team-tourn"]
[EventRounds "7"]
[EventCountry "GER"]
[SourceTitle "EXT 2023"]
[Source "ChessBase"]
[SourceDate "2022.10.05"]
[SourceVersion "1"]
[SourceVersionDate "2022.10.05"]
[SourceQuality "1"]
[WhiteTeam "Telgte"]
[BlackTeam "Beelen"]
[WhiteTeamCountry "GER"]
[BlackTeamCountry "GER"]

1. d4 Nf6 2. g3 e6 3. Bg2 c5 4. c3 d5 5. Nf3 Nc6 6. 0-0 Be7 7. dxc5 Bxc5 8. b4 Bd6 9. a3 0-0 10. Nbd2 Ne5 11. Nxe5 Bxe5 12. Bb2 Bd7 13. a4 Rc8 14. Qb3 b6 15. b5 Bd6 16. c4 dxc4 17. Nxc4 Bc5 18. Rac1 Qe7 19. Rfd1 Rcd8 20. Ne5 Rc8 21. Rc3 Rfd8 22. Rcd3 Be8 23. h3 Rxd3 24. Qxd3 Qc7 25. g4 Be7 26. Nc6 Bxc6 27. bxc6 h6 28. Qb5 Bc5 29. Bxf6 gxf6 30. Rd7 Qe5 31. Bf3 Bd6 32. Qxe5 Bxe5 33. Rxa7 Kf8 34. Be4 Ke8 35. Kf1 Rc7 36. Ra6 Bd4 37. e3 Bc5 38. a5 bxa5 39. Rxa5 Bd6 40. Ra8+ Ke7 41. Rh8 f5 42. gxf5 exf5 43. Bd5 Kf6 44. Rxh6+ Ke5 45. Bg2 f6 46. f4+ Ke6 47. Rh8 Bc5 48. Ke2 Re7 49. Rd8 Kf7 50. Rd7 Rxd7 51. cxd7 Ke7 52. Bc6 Bb6 53. Ba4 Bd8 54. Kf3 Bb6 55. h4 Bd8 56. e4 fxe4+ 57. Kxe4 Kf7 58. Kf5 Kg7 59. Bb3 Kh6 60. Bf7 Kg7 61. Be8 Kh6 62. Ke6 Kg7 63. f5 Kf8 64. Kd6 Ba5 65. Kc6 Ke7 66. h5 Kf8 67. Kb7 Ke7 68. Kc8 Bb6 69. h6 1-0

[Event "Muensterland Verbandsliga 1718"]
[White "Melkert, Tim"]
[Black "Lodde, Martin"]
[Site "Germany"]
[Round "2.2"]
[Result "0-1"]
[Date "2017.10.07"]
[WhiteElo "1946"]
[BlackElo "1946"]
[PlyCount "80"]
[EventDate "2017.09.09"]
[EventType "team-tourn"]
[EventRounds "9"]
[EventCountry "GER"]
[SourceTitle "EXT 2019"]
[Source "ChessBase"]
[SourceDate "2018.10.10"]
[SourceVersion "1"]
[SourceVersionDate "2018.10.10"]
[SourceQuality "1"]
[WhiteTeam "Nienberge II"]
[BlackTeam "Telgte"]
[WhiteTeamCountry "GER"]
[BlackTeamCountry "GER"]

1. e4 e6 2. d4 d5 3. Nc3 Bb4 4. e5 c5 5. a3 Bxc3+ 6. bxc3 Qc7 7. Nf3 Ne7 8. a4 b6 9. Bb5+ Bd7 10. Bd3 h6 11. 0-0 Nbc6 12. Qd2 cxd4 13. cxd4 Na5 14. Qf4 Nc4 15. Qg4 g6 16. Qh4 Bc6 17. Qf6 Rh7 18. h4 0-0-0 19. Nd2 Bb7 20. a5 Nxd2 21. axb6 axb6 22. Bxd2 Nc6 23. h5 Nxd4 24. Be3 Nc6 25. hxg6 fxg6 26. Qxe6+ Kb8 27. Qxg6 Rg7 28. Bxb6 Qxe5 29. Qf5 Rdg8 30. Qxe5+ Nxe5 31. g3 Nf3+ 32. Kg2 d4 33. Rfd1 Rg5 34. Be2 Rf5 35. Kf1 Nh2+ 36. Kg1 Nf3+ 37. Kf1 Nh2+ 38. Kg1 Nf3+ 39. Bxf3 Bxf3 40. Rxd4 Rh5 0-1

[Event "Muensterland Verbandsliga 1617"]
[White "Harbers, Gerard"]
[Black "Lodde, Martin"]
[Site "Germany"]
[Round "8.3"]
[Result "0-1"]
[Date "2017.03.18"]
[WhiteElo "1883"]
[BlackElo "1955"]
[PlyCount "148"]
[EventDate "2016.09.10"]
[EventType "team"]
[EventRounds "9"]
[EventCountry "GER"]
[SourceTitle "EXT 2018"]
[Source "ChessBase"]
[SourceDate "2017.10.13"]
[SourceVersion "1"]
[SourceVersionDate "2017.10.13"]
[SourceQuality "1"]
[WhiteTeam "Suedlohn II"]
[BlackTeam "Telgte"]
[WhiteTeamCountry "GER"]
[BlackTeamCountry "GER"]

1. e4 e6 2. d4 d5 3. Nc3 Bb4 4. e5 c5 5. a3 Bxc3+ 6. bxc3 Nc6 7. Qg4 g6 8. Nf3 Bd7 9. Bd3 c4 10. Be2 Nge7 11. Qf4 h6 12. Qf6 Rh7 13. 0-0 Nf5 14. Qxd8+ Kxd8 15. g4 Nfe7 16. Nh4 Kc7 17. f4 Rg8 18. Ng2 h5 19. g5 Nf5 20. Ne3 Nce7 21. Nxf5 Nxf5 22. Rf2 Ba4 23. Bf1 Rhh8 24. Bh3 Ne7 25. Kf1 Ra8 26. Ra2 a5 27. Bd2 Ra6 28. Rb2 Rb6 29. Bc1 Ra8 30. Ke1 Raa6 31. Kd2 Nc6 32. Rf1 Na7 33. Rf3 Nb5 34. Ra2 Rc6 35. Ra1 Rab6 36. Re3 Na7 37. Rf3 Rb5 38. Rg3 Rcb6 39. Rf3 Rb1 40. Ra2 Nc8 41. Rg3 Ra6 42. Rf3 Nb6 43. Rf1 Be8 44. Bb2 Rxf1 45. Bxf1 Na4 46. Bc1 Rb6 47. Ra1 Ra6 48. Rb1 Nb6 49. Be2 Ba4 50. Bd1 Nc8 51. Ke3 Ne7 52. Kf3 Ra8 53. Rb2 Rh8 54. Be2 Rb8 55. Bf1 Ra8 56. Bh3 Ra6 57. Ke2 Rb6 58. Ra2 Rb1 59. Kd2 Nc6 60. Bf1 Na7 61. Be2 Nb5 62. Bd1 Nxc3 63. Kxc3 Rxc1 64. Kd2 Rb1 65. Bf3 Kc6 66. Bg2 h4 67. Bf3 h3 68. Ke3 c3 69. Bg4 Rb2 70. Ra1 Bxc2 71. Bxh3 Bb1 72. Bg4 c2 73. Kd2 Rb3 74. Be2 Rh3 0-1

[Event "Muensterland Verbandsliga 1617"]
[White "Rosing, Hermann"]
[Black "Lodde, Martin"]
[Site "Germany"]
[Round "7.2"]
[Result "1/2-1/2"]
[Date "2017.02.25"]
[WhiteElo "1972"]
[BlackElo "1955"]
[PlyCount "23"]
[EventDate "2016.09.10"]
[EventType "team"]
[EventRounds "9"]
[EventCountry "GER"]
[SourceTitle "EXT 2018"]
[Source "ChessBase"]
[SourceDate "2017.10.13"]
[SourceVersion "1"]
[SourceVersionDate "2017.10.13"]
[SourceQuality "1"]
[WhiteTeam "Ahaus Wessum"]
[BlackTeam "Telgte"]
[WhiteTeamCountry "GER"]
[BlackTeamCountry "GER"]

1. e4 e6 2. d4 d5 3. exd5 exd5 4. c4 Nf6 5. Nc3 c6 6. Bd3 Be7 7. Nge2 dxc4 8. Bxc4 0-0 9. Bf4 Nbd7 10. 0-0 Nb6 11. Bb3 Bg4 12. f3 1/2-1/2

[Event "Muensterland Regionalliga 1516"]
[White "Wewers, Reinhard"]
[Black "Lodde, Martin"]
[Site "Germany"]
[Round "6.2"]
[Result "1/2-1/2"]
[Date "2016.01.30"]
[WhiteElo "2011"]
[BlackElo "1973"]
[PlyCount "74"]
[EventDate "2015.09.05"]
[EventType "team"]
[EventRounds "9"]
[EventCountry "GER"]
[SourceTitle "EXT 2017"]
[Source "ChessBase"]
[SourceDate "2016.10.25"]
[SourceVersion "1"]
[SourceVersionDate "2016.10.25"]
[SourceQuality "1"]
[WhiteTeam "Duelmen"]
[BlackTeam "Telgte"]
[WhiteTeamCountry "GER"]
[BlackTeamCountry "GER"]

1. Nf3 Nf6 2. g3 b6 3. Bg2 Bb7 4. 0-0 e6 5. c4 c5 6. Nc3 d5 7. cxd5 exd5 8. d4 cxd4 9. Nxd4 Be7 10. Bg5 0-0 11. Nf5 Nbd7 12. Nxe7+ Qxe7 13. Nxd5 Bxd5 14. Bxd5 Rad8 15. Bg2 Qe5 16. Bxf6 Nxf6 17. Qa4 Rd2 18. Qxa7 Rxb2 19. Bf3 g5 20. Rab1 g4 21. Rxb2 Qxb2 22. Bg2 Rd8 23. Qc7 Rd2 24. e4 Re2 25. Qf4 h6 26. Qxh6 Qe5 27. Rd1 Rxa2 28. Bf1 Ra1 29. Rd8+ Ne8 30. Qc6 Kf8 31. Qh6+ Kg8 32. Rd5 Qb2 33. Rg5+ Ng7 34. e5 Rxf1+ 35. Kxf1 Qb1+ 36. Ke2 Qe4+ 37. Kd2 Qd4+ 1/2-1/2

[Event "Muensterland Regionalliga 1516"]
[White "Funke, Reinhard"]
[Black "Lodde, Martin"]
[Site "Germany"]
[Round "3.2"]
[Result "1-0"]
[Date "2015.11.14"]
[WhiteElo "2012"]
[BlackElo "1973"]
[PlyCount "101"]
[EventDate "2015.09.05"]
[EventType "team"]
[EventRounds "9"]
[EventCountry "GER"]
[SourceTitle "EXT 2017"]
[Source "ChessBase"]
[SourceDate "2016.10.25"]
[SourceVersion "1"]
[SourceVersionDate "2016.10.25"]
[SourceQuality "1"]
[WhiteTeam "Suedlohn"]
[BlackTeam "Telgte"]
[WhiteTeamCountry "GER"]
[BlackTeamCountry "GER"]

1. d4 Nf6 2. Bf4 b6 3. Nf3 Bb7 4. e3 e6 5. Be2 Be7 6. 0-0 0-0 7. h3 c5 8. c3 Ne4 9. Nbd2 f5 10. Nxe4 Bxe4 11. dxc5 bxc5 12. Qd2 a5 13. Rfd1 Ra7 14. Ne5 Ba8 15. Rac1 d6 16. Nc4 d5 17. Na3 Nc6 18. Nb5 Rd7 19. Bh2 Bf6 20. a4 Kh8 21. Qc2 Be5 22. f4 Bf6 23. Rd2 Qe7 24. Bf3 Rfd8 25. Rcd1 h6 26. Bg3 g5 27. Bf2 Qg7 28. g4 Ne7 29. Kf1 Rg8 30. c4 d4 31. Bxa8 Rxa8 32. exd4 fxg4 33. hxg4 gxf4 34. Qe4 Rad8 35. Qxe6 cxd4 36. c5 Rd5 37. Nd6 Rf8 38. c6 Re5 39. Qd7 Rd5 40. c7 Rxd6 41. Qxd6 Qxg4 42. Bxd4 Qf3+ 43. Ke1 Qh1+ 44. Ke2 Qh5+ 45. Kd3 Qf5+ 46. Kc3 Ng8 47. Kb3 Re8 48. Ka2 f3 49. Rc1 Bxd4 50. Qxd4+ Nf6 51. c8Q 1-0

[Event "Muensterland Verbandsliga 1415"]
[White "Lodde, Martin"]
[Black "Luetkehermoelle, Martin"]
[Site "Germany"]
[Round "2.3"]
[Result "1-0"]
[Date "2014.09.27"]
[WhiteElo "1880"]
[BlackElo "1930"]
[PlyCount "78"]
[EventDate "2014.09.06"]
[EventType "team-tourn"]
[EventRounds "9"]
[EventCountry "GER"]
[SourceTitle "EXT 2016"]
[Source "ChessBase"]
[SourceDate "2015.10.08"]
[SourceVersion "1"]
[SourceVersionDate "2015.10.08"]
[SourceQuality "1"]
[WhiteTeam "Telgte"]
[BlackTeam "Gronau"]
[WhiteTeamCountry "GER"]
[BlackTeamCountry "GER"]

1. d4 Nf6 2. g3 e6 3. Bg2 Be7 4. c4 d5 5. Nf3 dxc4 6. 0-0 Nbd7 7. Qa4 0-0 8. Qxc4 c5 9. Rd1 Qb6 10. Nc3 cxd4 11. Na4 Qa5 12. Bd2 Qh5 13. Qxd4 Rd8 14. Be1 h6 15. Rac1 Nd5 16. e4 Bf6 17. Qd3 N5b6 18. Qb3 Ne5 19. Rxd8+ Bxd8 20. Rd1 Nc6 21. Bc3 Nxa4 22. Qxa4 b5 23. Rxd8+ Nxd8 24. Qd4 f6 25. Qxd8+ Kh7 26. Qe7 e5 27. Qc5 Bg4 28. Ne1 Qe8 29. h3 Be6 30. a3 Qd7 31. Qe3 a6 32. Kh2 Bc4 33. Bf3 a5 34. Bg4 Qd6 35. Qd2 Qc7 36. Nc2 Rd8 37. Qe1 Ra8 38. Ne3 Bd3 39. Nd5 Qc4 1-0

[Event "Muensterland Verbandsliga 1314"]
[White "Lodde, Martin"]
[Black "Hanewinkel, Winfried"]
[Site "Germany"]
[Round "6.3"]
[Result "1/2-1/2"]
[Date "2014.02.01"]
[WhiteElo "1895"]
[BlackElo "1873"]
[PlyCount "81"]
[EventDate "2013.09.07"]
[EventType "team-tourn"]
[EventRounds "9"]
[EventCountry "GER"]
[SourceTitle "EXT 2015"]
[Source "ChessBase"]
[SourceDate "2014.11.20"]
[SourceVersion "1"]
[SourceVersionDate "2014.11.20"]
[SourceQuality "1"]
[WhiteTeam "Telgte"]
[BlackTeam "Beelen"]
[WhiteTeamCountry "GER"]
[BlackTeamCountry "GER"]

1. d4 d5 2. Nf3 Nf6 3. g3 Bf5 4. Bg2 e6 5. 0-0 Be7 6. c4 c6 7. cxd5 exd5 8. Nc3 Nbd7 9. Re1 0-0 10. Nh4 Be6 11. Qd3 Ne8 12. b3 Nd6 13. Ba3 Nf6 14. Bxd6 Bxd6 15. e4 Bb4 16. Re3 Bxc3 17. Qxc3 dxe4 18. Bxe4 Qd7 19. Rd1 Rad8 20. Nf3 Nxe4 21. Rxe4 Bd5 22. Re5 f6 23. Re3 Rfe8 24. Ne1 Rxe3 25. Qxe3 Re8 26. Qd3 Qh3 27. Qf1 Qg4 28. f3 Qe6 29. Ng2 Qd6 30. Re1 Bf7 31. Rxe8+ Bxe8 32. Qc4+ Kf8 33. Kf2 b6 34. Nf4 Bf7 35. Qc3 g5 36. Ng2 Be6 37. Ne3 Kg7 38. Nc4 Qd7 39. Ne3 Qd6 40. Nc4 Qd5 41. Ne3 1/2-1/2

[Event "Muensterland op 31st"]
[White "Lodde, Martin"]
[Black "Meertens, Martin"]
[Site "Senden"]
[Round "1"]
[Result "0-1"]
[Date "2013.10.27"]
[WhiteElo "1933"]
[BlackElo "2174"]
[PlyCount "96"]
[EventDate "2013.10.27"]
[EventType "swiss"]
[EventRounds "9"]
[EventCountry "GER"]
[SourceTitle "EXT 2014"]
[Source "ChessBase"]
[SourceDate "2013.11.20"]
[SourceVersion "1"]
[SourceVersionDate "2013.11.20"]
[SourceQuality "1"]

1. d4 Nf6 2. Nf3 g6 3. g3 Bg7 4. Bg2 0-0 5. 0-0 d6 6. b3 c6 7. Bb2 Nbd7 8. Re1 Qc7 9. e4 e5 10. c4 a5 11. Nc3 Re8 12. d5 Nc5 13. h3 Rb8 14. Bf1 Bd7 15. Qd2 cxd5 16. cxd5 b5 17. Rac1 Qb6 18. Bd3 b4 19. Na4 Nxa4 20. bxa4 Bxa4 21. Qe2 Nd7 22. Nd2 Nc5 23. h4 Bh6 24. h5 Nxd3 25. Qxd3 Bb5 26. Qc2 Ba6 27. Qd1 Rbc8 28. Kh2 Qd8 29. Rxc8 Bxc8 30. Rh1 g5 31. Qa4 Bd7 32. Qb3 Qb8 33. Qf3 Kg7 34. g4 Rc8 35. Rc1 Qb5 36. Rxc8 Bxc8 37. Nf1 Qc4 38. Ng3 Qc2 39. Bxe5+ dxe5 40. Nf5+ Bxf5 41. Qxf5 Qc7 42. Qf3 a4 43. Qd1 Qd7 44. Kg3 Kg8 45. Qd2 Qd6 46. Qc2 a3 47. Qd2 Qf6 48. Kg2 Bf8 0-1

[Event "Muensterland Verbandsklasse-B 1213"]
[White "Hanewinkel, Martin"]
[Black "Lodde, Martin"]
[Site "Germany"]
[Round "2.3"]
[Result "1-0"]
[Date "2012.10.20"]
[WhiteElo "1862"]
[BlackElo "1845"]
[PlyCount "41"]
[EventDate "2012.09.15"]
[EventType "team-tourn"]
[EventRounds "9"]
[EventCountry "GER"]
[SourceTitle "EXT 2015"]
[Source "ChessBase"]
[SourceDate "2014.11.20"]
[SourceVersion "1"]
[SourceVersionDate "2014.11.20"]
[SourceQuality "1"]
[WhiteTeam "Beelen"]
[BlackTeam "Telgte"]
[WhiteTeamCountry "GER"]
[BlackTeamCountry "GER"]

1. d4 Nf6 2. Nf3 b6 3. c3 e6 4. Bf4 Be7 5. Nbd2 d5 6. e3 0-0 7. Bd3 c5 8. Ne5 c4 9. Bc2 Bb7 10. Ndf3 Nfd7 11. h4 f6 12. Bxh7+ Kxh7 13. Ng5+ Kg8 14. Qh5 fxg5 15. hxg5 Nxe5 16. Bxe5 Rf6 17. gxf6 Bxf6 18. Bxf6 Qf8 19. Bxg7 Kxg7 20. Qh7+ Kf6 21. Rh6+ 1-0

[Event "Muensterland Verbandsklasse-A 1112"]
[White "Lodde, Martin"]
[Black "Sparwel, Oliver"]
[Site "Germany"]
[Round "3.1"]
[Result "1-0"]
[Date "2011.11.12"]
[WhiteElo "1840"]
[BlackElo "2005"]
[PlyCount "67"]
[EventDate "2011.09.17"]
[EventType "team-tourn"]
[EventRounds "9"]
[EventCountry "GER"]
[SourceTitle "EXT 2013"]
[Source "ChessBase"]
[SourceDate "2012.11.22"]
[SourceVersion "1"]
[SourceVersionDate "2012.11.22"]
[SourceQuality "1"]
[WhiteTeam "Telgte"]
[BlackTeam "Suedlohn II"]
[WhiteTeamCountry "GER"]
[BlackTeamCountry "GER"]

1. d4 d6 2. g3 Nf6 3. Bg2 c6 4. e4 Qc7 5. Ne2 e5 6. 0-0 Be7 7. b3 a5 8. a4 b6 9. Bb2 0-0 10. Na3 Nbd7 11. h3 Ne8 12. f4 exd4 13. Bxd4 f5 14. exf5 Rxf5 15. Re1 d5 16. c4 Bxa3 17. Rxa3 dxc4 18. Qc2 Nd6 19. Bb2 Nc5 20. bxc4 Be6 21. Nd4 Rf6 22. Nxe6 Rxe6 23. Rxe6 Nxe6 24. Be5 Nc5 25. Ra1 Rd8 26. Rd1 Ncb7 27. Qc3 Rd7 28. Kh2 Kf8 29. Qf3 Nd8 30. Qg4 g6 31. Qg5 N8f7 32. Qf6 Ke8 33. h4 Rd8 34. Re1 1-0

[Event "Muensterland Verbandsklasse-A 1112"]
[White "Lodde, Martin"]
[Black "Beutelhoff, Josef"]
[Site "Germany"]
[Round "1.2"]
[Result "1/2-1/2"]
[Date "2011.09.17"]
[WhiteElo "1840"]
[BlackElo "2072"]
[PlyCount "65"]
[EventDate "2011.09.17"]
[EventType "team-tourn"]
[EventRounds "9"]
[EventCountry "GER"]
[SourceTitle "EXT 2013"]
[Source "ChessBase"]
[SourceDate "2012.11.22"]
[SourceVersion "1"]
[SourceVersionDate "2012.11.22"]
[SourceQuality "1"]
[WhiteTeam "Telgte"]
[BlackTeam "Olfen"]
[WhiteTeamCountry "GER"]
[BlackTeamCountry "GER"]

1. d4 Nf6 2. Nf3 d5 3. g3 Bf5 4. Bg2 e6 5. 0-0 h6 6. c4 c6 7. cxd5 exd5 8. Qb3 Qb6 9. Qe3+ Be7 10. b3 Be6 11. Ne5 0-0 12. Ng6 fxg6 13. Qxe6+ Rf7 14. Qe3 Nbd7 15. Qd3 Re8 16. Nc3 Nf8 17. Bf4 g5 18. Bd2 Qd8 19. a3 Bd6 20. b4 Qe7 21. b5 Bxa3 22. e3 Ra8 23. bxc6 bxc6 24. Nxd5 cxd5 25. Qxa3 Qxa3 26. Rxa3 Rb7 27. Ra6 N8d7 28. Ba5 Rc8 29. Ra1 Kf8 30. Be1 Rcc7 31. Bf1 g4 32. Bd3 Ne4 33. Kg2 1/2-1/2

[Event "Muensterland Verbandsklasse-B 1011"]
[White "Mueller, Achim2"]
[Black "Lodde, Martin"]
[Site "Germany"]
[Round "4.2"]
[Result "1-0"]
[Date "2010.12.11"]
[WhiteElo "1935"]
[BlackElo "1926"]
[PlyCount "61"]
[EventDate "2010.09.18"]
[EventType "team-tourn"]
[EventRounds "9"]
[EventCountry "GER"]
[SourceTitle "EXT 2012"]
[Source "ChessBase"]
[SourceDate "2011.11.24"]
[SourceVersion "1"]
[SourceVersionDate "2011.11.24"]
[SourceQuality "1"]
[WhiteTeam "Rheine Klein Berlin II"]
[BlackTeam "Telgte"]
[WhiteTeamCountry "GER"]
[BlackTeamCountry "GER"]

1. e4 e6 2. d4 d5 3. Nd2 c5 4. exd5 exd5 5. Bb5+ Bd7 6. Qe2+ Be7 7. dxc5 Nf6 8. Nb3 0-0 9. Be3 Re8 10. 0-0-0 a6 11. Bd3 Nc6 12. Nf3 Nb4 13. Qd2 a5 14. a3 Nxd3+ 15. Qxd3 a4 16. Nbd4 Bxc5 17. Bg5 h6 18. Bh4 Re4 19. Nb5 Rxh4 20. Nxh4 Bxf2 21. Nf5 Bxf5 22. Qxf5 Bb6 23. Rhf1 Ra5 24. Nd4 Rc5 25. g4 Rc4 26. Rf4 Qc7 27. Kb1 Ne4 28. Ne6 fxe6 29. Qxe6+ Kh7 30. Rf7 Qxh2 31. Qf5+ 1-0

[Event "Muensterland Verbandsklasse-B 1011"]
[White "Lodde, Martin"]
[Black "Schulze Ameling, Hendrik"]
[Site "Germany"]
[Round "2.3"]
[Result "0-1"]
[Date "2010.10.09"]
[WhiteElo "1926"]
[BlackElo "1961"]
[PlyCount "67"]
[EventDate "2010.09.18"]
[EventType "team-tourn"]
[EventRounds "9"]
[EventCountry "GER"]
[SourceTitle "EXT 2012"]
[Source "ChessBase"]
[SourceDate "2011.11.24"]
[SourceVersion "1"]
[SourceVersionDate "2011.11.24"]
[SourceQuality "1"]
[WhiteTeam "Telgte"]
[BlackTeam "Ahaus Wessum"]
[WhiteTeamCountry "GER"]
[BlackTeamCountry "GER"]

1. d4 e6 2. g3 d5 3. Bg2 b6 4. Nf3 Bb7 5. 0-0 Nf6 6. b3 Bd6 7. Bb2 0-0 8. Ne5 Nbd7 9. Nd2 c5 10. c4 cxd4 11. Nxd7 Qxd7 12. cxd5 e5 13. Ne4 Nxe4 14. Bxe4 f5 15. Bg2 Bc5 16. Qd2 Bxd5 17. Bxd5+ Qxd5 18. Rfd1 f4 19. b4 Be7 20. f3 fxg3 21. hxg3 Rf6 22. Kg2 Rg6 23. e4 Qf7 24. Rh1 Rf8 25. Qd3 Bxb4 26. a3 Bd2 27. Raf1 Be3 28. Qb5 Rc8 29. Qd3 Rgc6 30. Re1 Rc2+ 31. Re2 Rxe2+ 32. Qxe2 Qb3 33. Kh3 Rc2 34. Qa6 0-1

[Event "Muensterland Verbandsklasse-B 0910"]
[White "Lodde, Martin"]
[Black "Overesch, Andre"]
[Site "Germany"]
[Round "3.2"]
[Result "1/2-1/2"]
[Date "2009.11.21"]
[WhiteElo "1932"]
[BlackElo "1917"]
[PlyCount "68"]
[EventDate "2009.09.19"]
[EventType "team-tourn"]
[EventRounds "9"]
[EventCountry "GER"]
[SourceTitle "EXT 2011"]
[Source "ChessBase"]
[SourceDate "2010.11.26"]
[SourceVersion "1"]
[SourceVersionDate "2010.11.26"]
[SourceQuality "1"]
[WhiteTeam "Telgte"]
[BlackTeam "Muenster SK III"]
[WhiteTeamCountry "GER"]
[BlackTeamCountry "GER"]

1. Nf3 Nf6 2. d4 e6 3. g3 Be7 4. Bg2 0-0 5. 0-0 d5 6. b3 b6 7. Bb2 Bb7 8. Nbd2 c5 9. Ne5 Nbd7 10. c4 cxd4 11. Bxd4 Nc5 12. Rc1 Rc8 13. Bb2 Nce4 14. cxd5 Nxd2 15. Rxc8 Qxc8 16. Qxd2 Bxd5 17. Bxd5 Nxd5 18. Rc1 Qa6 19. Nc6 Bf6 20. Bxf6 Nxf6 21. f3 h6 22. Rc2 Qb7 23. a4 Nd7 24. b4 a6 25. Qd6 Nf6 26. Ne7+ Kh7 27. Rc7 Qb8 28. Nc6 Qa8 29. Qd3+ Kg8 30. Ne7+ Kh8 31. Qc4 Qd8 32. Nc8 Qd1+ 33. Kf2 Qh1 34. Qh4 Qd1 1/2-1/2

[Event "Muensterland Verbandsklasse-A 0809"]
[White "Lodde, Martin"]
[Black "Lipkin, Ilia"]
[Site "Germany"]
[Round "7.4"]
[Result "1/2-1/2"]
[Date "2009.03.07"]
[WhiteElo "1907"]
[BlackElo "1898"]
[PlyCount "55"]
[EventDate "2008.09.13"]
[EventType "tourn"]
[EventRounds "9"]
[EventCountry "GER"]
[SourceTitle "EXT 2010"]
[Source "ChessBase"]
[SourceDate "2010.11.25"]
[SourceVersion "1"]
[SourceVersionDate "2010.11.25"]
[SourceQuality "1"]
[WhiteTeam "Telgte"]
[BlackTeam "Nienberge"]
[WhiteTeamCountry "GER"]
[BlackTeamCountry "GER"]

1. d4 Nf6 2. Nf3 g6 3. g3 Bg7 4. Bg2 0-0 5. 0-0 d6 6. Nc3 Nbd7 7. a4 a5 8. e4 e5 9. Re1 c6 10. d5 Nc5 11. h3 Qe7 12. Nd2 Ne8 13. Nc4 f5 14. Be3 Nxe4 15. Nxe4 fxe4 16. Nb6 Rb8 17. c4 Nf6 18. Qd2 Qd8 19. Nxc8 Rxc8 20. Bg5 Qb6 21. Bxf6 Rxf6 22. Bxe4 Rcf8 23. Re2 Qc5 24. Qc2 Kh8 25. Rf1 R8f7 26. Kg2 Bh6 27. f3 Rc7 28. Rd1 1/2-1/2

[Event "Muensterland Verbandsklasse-A 0809"]
[White "Broemmel, Rudolf"]
[Black "Lodde, Martin"]
[Site "Germany"]
[Round "3.3"]
[Result "1/2-1/2"]
[Date "2008.11.08"]
[WhiteElo "1988"]
[BlackElo "1907"]
[PlyCount "177"]
[EventDate "2008.09.13"]
[EventType "tourn"]
[EventRounds "9"]
[EventCountry "GER"]
[SourceTitle "EXT 2010"]
[Source "ChessBase"]
[SourceDate "2010.11.25"]
[SourceVersion "1"]
[SourceVersionDate "2010.11.25"]
[SourceQuality "1"]
[WhiteTeam "Raesfeld Erle"]
[BlackTeam "Telgte"]
[WhiteTeamCountry "GER"]
[BlackTeamCountry "GER"]

1. d4 Nf6 2. Bg5 d5 3. Bxf6 exf6 4. e3 Be7 5. Bd3 f5 6. Qf3 g6 7. Ne2 c6 8. Nd2 Nd7 9. g3 Nf6 10. Qg2 Qb6 11. 0-0-0 Qa5 12. Nb3 Qc7 13. Kb1 a5 14. Rc1 a4 15. Na1 b5 16. c3 Bb7 17. Nc2 Qa5 18. a3 Rc8 19. Rhd1 0-0 20. f3 Rfe8 21. h3 c5 22. dxc5 Bxc5 23. Ned4 Bxd4 24. exd4 Bc6 25. g4 f4 26. Qd2 Qc7 27. Re1 Qd6 28. Rxe8+ Rxe8 29. Re1 Kf8 30. Rxe8+ Bxe8 31. Qe2 Qb8 32. Nb4 g5 33. Na6 Qb6 34. Nb4 Qb8 35. Na6 Qb6 36. Nc5 h6 37. Qe5 Kg7 38. h4 gxh4 39. g5 hxg5 40. Qxg5+ Kf8 41. Qxf4 Nd7 42. Nxd7+ Bxd7 43. Qxh4 Qe6 44. Kc2 f6 45. Kd2 Qd6 46. Ke3 Qe7+ 47. Kf2 Qd6 48. Qg3 Qb6 49. Qf4 Kf7 50. Qh6 Qc6 51. Bg6+ Ke7 52. Qg7+ Kd8 53. Qf8+ Kc7 54. Qe7 Qd6 55. Qxd6+ Kxd6 56. Ke3 Ke7 57. Kf4 Kd6 58. Bh5 Ke7 59. Bg4 Be8 60. Bc8 Bg6 61. Kg4 Bd3 62. Bf5 Be2 63. Bc2 Ke6 64. Kf4 Bc4 65. Ke3 Bf1 66. b3 axb3 67. Bxb3 Bh3 68. Kf4 Bf1 69. Kg4 Be2 70. Bc2 Bc4 71. Bf5+ Kd6 72. Kh5 Be2 73. Bg4 Bd3 74. f4 Bf1 75. Kg6 Ke7 76. Bf3 Bc4 77. Bd1 Bd3+ 78. Kg7 Bc4 79. a4 bxa4 80. Bxa4 Ba2 81. Bc2 Bc4 82. Bf5 Bb3 83. Bd3 Ba2 84. Kg6 Bb3 85. Kf5 Ba2 86. Bc2 Bc4 87. Kg4 Ba2 88. Kf3 Bc4 89. Ke3 1/2-1/2